Mint Dishes - Sudden Death - Statistics

General Stats
  • This quiz has been taken 41 times
  • The average score is 7 of 16
Answers on the Grid
Answers color-coded by a green-red scale on the quiz's grid according to % correct below.
Filet Mignon with paloise sauce
Roast lamb with mint sauce
Shirazi salad
Afghan salad
Tabbouleh
Kaleh joosh
Mast-o-khiar
Pudina raita
Bhakri bread with hari chutney (green chutney)
Hellimli / Halloumi cheese bread
Kibbeh nayyeh
Kayseri mantısı
Mint chocolate ice cream
Candy cane cupcake
Granita alla menta
Hakka higashi
Asparagus with mousseline sauce
Steak-frites with béarnaise sauce
Blanquette de veau
Cacio e pepe
Zuppa toscana
Cobb salad
Hash brown
Shopska salad
Deniz börülcesi salatası / Glasswort salad
Eve's pudding
Tiramisu
Şekerpare
 
Answer Stats
Answer % Correct
Roast lamb with mint sauce
75%
Mint chocolate ice cream
71%
Bhakri bread with hari chutney (green chutney)
50%
Candy cane cupcake
50%
Granita alla menta
43%
Kibbeh nayyeh
43%
Tabbouleh
43%
Afghan salad
39%
Pudina raita
39%
Shirazi salad
39%
Hakka higashi
36%
Filet Mignon with paloise sauce
29%
Hellimli / Halloumi cheese bread
29%
Mast-o-khiar
29%
Kaleh joosh
25%
Kayseri mantısı
25%
No matching quizzes found
Score Distribution
Percent of People with Each Score
Percentile by Number Answered
Your Score History
You have not taken this quiz